[Event "Hoogovens"]
[Site "Wijk aan Zee"]
[Date "1998.01.17"]
[Round "2"]
[White "Kramnik, Vladimir"]
[Black "Nijboer, Friso"]
[Result "1-0"]
[WhiteElo "2790"]
[BlackElo "2580"]
[Annotator "Huzman,A"]
[PlyCount "57"]
[EventDate "1998.01.16"]
[EventType "tourn"]
[EventRounds "13"]
[EventCountry "NED"]
[EventCategory "17"]
[SourceTitle "CBM 063"]
[Source "ChessBase"]
[SourceDate "1998.03.26"]
[SourceVersion "1"]
[SourceVersionDate "1998.03.26"]
[SourceQuality "1"]

1. Nf3 {Ftacnik} g6 2. d4 Bg7 3. c4 Nf6 4. Nc3 O-O 5. e4 d6 6. Be2 e5 7. O-O
Nc6 8. d5 Ne7 9. b4 Nh5 10. Re1 f5 11. Ng5 Nf6 12. Bf3 {Ftacnik: This position
is very fashionable of late, but black is not without resources.} c6 (12...
fxe4 {Ftacnik} 13. Ncxe4 Nf5 14. Bb2 $1 $14) 13. Be3 (13. Ba3 {Ftacnik} h6 14.
Ne6 Bxe6 15. dxe6 fxe4 16. Nxe4 d5 17. cxd5 cxd5 18. Nxf6+ Bxf6 19. Rc1 Qd6 20.
Qb3 Rad8 21. b5 Qxe6 22. Rc7 Rf7 23. Rxb7 Nf5 24. Rxf7 Qxf7 25. Bc5 e4 26. Bg4
Rc8 27. Qa3 Rc7 {Nill,J-Kouvatsou,M/EU-chJW U18 1997/0-1 (50)}) 13... h6 (13...
cxd5 14. cxd5 h6 15. Ne6 Bxe6 16. dxe6 fxe4 17. Nxe4 Nxe4 18. Bxe4 d5 19. Bc2
e4 (19... d4 {Ftacnik} 20. Bd2 d3 21. Bb3 Qb6 22. Be3 Qxb4 23. Rc1 Rfd8 24. Bc5
Qh4 25. Re3 e4 26. Rc4 $16) (19... b6 $1 {Ftacnik}) 20. Rc1 d4 (20... b6 $8 {
Ftacnik}) 21. Bd2 e3 22. fxe3 d3 23. Bb3 Qd6 24. Qg4 Be5 25. Rf1 Bxh2+ 26. Kh1
$16 {1-0 Kramnik,V-Polgar,J/Linares14th 1997 (37)}) (13... f4 14. Bc1 (14. Bd2
h6 15. Ne6 Bxe6 16. dxe6 Qc8) 14... h6 (14... cxd5 {Ftacnik} 15. cxd5 Qb6 16.
Qb3) 15. Ne6 Bxe6 16. dxe6 Nc8 17. b5 $1 (17. Qb3 Qe7 18. c5 Re8 19. Be2 Kh7
20. Ba3 (20. b5 Qxe6 21. Bc4 Qe7 22. Ba3 dxc5 23. bxc6 bxc6 24. Na4 $44 {
1/2-1/2 Iskusnyh,S-Fedorov,A/RUS-Cup01 Chigorin mem 1997 (41) /=}) 20... Qxe6 (
20... b5 $6 21. cxb6 Nxb6 22. b5 $1 $36) 21. Bc4 Qe7 22. Rad1 (22. b5 $6 dxc5
23. bxc6 bxc6 24. Na4 Nd7 $15) 22... b5 (22... dxc5 23. bxc5 Qc7 24. Bf7 Rf8
25. Be6 Ne7 26. Rd6 $44) 23. cxb6 Nxb6 24. b5 Nxc4 25. Qxc4 c5 $11 {1/2-1/2
Krasenkow,M-Shulman,Y/Mikenas mem op 1997 (30)} (25... c5 26. Nd5 Nxd5 27. Rxd5
$11 {1/2-1/2 Krasenkow,M-Shulman,Y/Mikenas mem op 1997/ (30)})) 17... Qe8 18.
bxc6 bxc6 19. c5 Qxe6 20. Ba3 dxc5 21. Na4 Nb6 22. Nxc5 Qf7 23. Qc1 $44 {
[%cal Gf3d1,Gd1b3] Kramnik,V-Gelfand,B/Investbanka 1997/1/2-1/2 (66) /+/-}) 14.
Ne6 Bxe6 15. dxe6 {The pawn e6 can be supported by the play along a8-h1} g5 (
15... Ne8 {Ftacnik} 16. Qb3 Qc8 17. c5 fxe4 $140 18. cxd6 exf3 $6 19. dxe7 Rf5
20. Rad1 $18) 16. exf5 $1 $146 (16. h3 f4 17. Bc1 Ng6 18. c5 dxc5 19. bxc5 Qe7
20. Rb1 Rfe8 21. Qb3 Rab8 22. Ba3 Nh4 $132 {Kramnik,V-Piket,J/Amber-blind6th
1997/1/2-1/2 (66)} (22... Nh4 {Ftacnik} 23. Be2 f3 24. Bxf3 Nxf3+ 25. gxf3 Qxe6
26. Qxe6+ Rxe6 27. Rb3 b5 28. cxb6 axb6 29. Bc5 Nd7 {Kramnik,V-Piket,J/
Amber-blind6th 1997/1/2-1/2 (66)})) 16... Nxf5 (16... e4 $2 17. Nxe4 Nxe4 18.
Bxe4 Bxa1 (18... d5 19. cxd5 cxd5 20. Bd3 Bxa1 21. Qxa1 Nxf5 22. Bc5 $16) 19.
Qxa1 Nxf5 20. Bxf5 Rxf5 21. Qb1 Qf8 22. Bd4 $1 $16) 17. Qd3 {[%cal Ga1d1,Gd1d6,
Gd3g6]} Nxe3 (17... e4 $2 18. Nxe4 Nxe4 19. Bxe4 Nxe3 (19... Bxa1 {Ftacnik} 20.
Bxf5 Bg7 $14) 20. Qxe3 $18 Bxa1 $140 (20... Qb6 21. e7 $16) 21. e7 Qxe7 22.
Bd5+) 18. Rxe3 Qe7 (18... e4 $2 {Ftacnik} 19. Bxe4 Nxe4 20. Qxe4 $16) 19. Rd1
Rad8 {Ftacnik: Black can become choosy, since also the opening of the position
was quite attractive.} (19... Qxe6 20. Qxd6 (20. b5 g4 21. Be4 Nxe4 22. Nxe4
cxb5 23. cxb5 $44) 20... Qxc4 21. b5 cxb5 (21... Rad8 22. Qxd8 Rxd8 23. Rxd8+
Bf8 (23... Kf7 24. Rb8 $16) 24. bxc6 bxc6 25. Rc8 e4 26. Bd1 Kg7 27. Bb3 $14) (
21... g4 22. Be2 Qf7 23. bxc6 bxc6 24. Qxc6 $14) 22. Bxb7 (22. Qxe5 b4 23. Nd5
$13) 22... Rab8 (22... Rad8 23. Qxd8 Rxd8 24. Rxd8+ $16 (24. Rxd8+ Kh7 25. Bc8
Ng8 26. Bf5+ Kh8 27. Rc8 Qf7 28. g4 b4 29. Ne4 Qxa2 30. Nc5 $16)) 23. Bf3 $44 (
23. Bf3 {Ftacnik} Kh8 24. Be2 Qf7 25. Qa6 $13)) (19... g4 $2 20. Be4 $1 (20.
Be2 Rad8 (20... Qxe6 21. Qxd6 $16) 21. Qf5 Rde8 $132) 20... Nxe4 (20... Qxe6
21. Bf5 Qe7 22. Qxd6 $16) 21. Nxe4 Qxe6 22. Nxd6 $16) 20. Ne4 $1 (20. b5 g4 $1
21. Be4 Nxe4 22. Nxe4 (22. Qxe4 Rf4 23. Qg6 Rxc4 $17) 22... d5 $17) 20... g4 $2
(20... Nxe4 21. Bxe4 Qxe6 22. b5 Qd7 (22... Qe8 23. Rf3 $5) 23. Qc2 $44 (23.
Re2 $44 {Ftacnik})) (20... Qxe6 {Ftacnik} 21. Nxd6 Ne8 22. c5 Qxa2 23. b5 $36)
(20... d5 {Ftacnik} 21. Nxf6+ Qxf6 22. cxd5 g4 23. Be4 Qxf2+ 24. Kh1 $14) 21.
Nxf6+ (21. Be2 {Ftacnik} d5 22. Nxf6+ Qxf6 23. Bxg4 dxc4 (23... Qxf2+ 24. Kh1
dxc4 25. Qxd8 Rxd8 26. Rxd8+ Kh7 (26... Bf8 27. h3 Qxe3 28. e7 Qc1+ 29. Kh2
Qf4+ $11) 27. Rd1 Qxe3 28. e7 Qg5 29. e8=Q Qxg4 30. Rd8 $13) 24. Qc2 Rxd1+ 25.
Bxd1 Qxe6 $15) 21... Qxf6 (21... Rxf6 22. Bxg4 d5 23. Rxe5 $16) 22. Bxg4 Qxf2+
(22... d5 $142 $16) 23. Kh1 {[%cal Ge6e7] The dangerous passed pawn e6 and the
possibility of the attack of the white in the presents of opposite colour
bishops determine big advantage of the white.} Rf4 $2 {Ftacnik: Black is too
active, he had to take care about the edangerous e6 pawn.} (23... Rde8 24. Rf3
$1 (24. Ree1 $14 {Ftacnik}) 24... Rxf3 (24... Qh4 25. Qg6 $16) 25. gxf3 $16
Qxa2 $140 26. Qg6 Re7 27. Rxd6 $18) (23... Qf6 $142 24. Rf3 Qe7 $16) (23... Qh4
{Ftacnik} 24. Rf3 Rxf3 25. Bxf3 Qf6 26. b5 $1 Qxe6 27. bxc6 bxc6 28. Bxc6 $14)
24. Rf3 $1 Qh4 (24... Rxf3 25. Bxf3 Qh4 26. b5 $18) 25. Rxf4 exf4 26. Bf3 $18
Qe7 (26... a6 {Ftacnik} 27. a4 Qg5 28. b5 $1 $16 {xc6}) 27. Re1 {[%cal Gd3g6]}
Be5 (27... Rf8 {Ftacnik} 28. b5 $1 $16) 28. Qg6+ Qg7 (28... Bg7 {Ftacnik} 29.
Be4 d5 30. cxd5 cxd5 31. Qh7+ Kf8 32. Qf5+ Qf6 33. e7+ Kxe7 34. Bxd5+ Kf8 35.
Qe4 $18) (28... Kh8 {Ftacnik} 29. Qxh6+ Kg8 30. Bh5 $18) 29. e7 (29. e7 $1 {
Ftacnik} Qxg6 30. exd8=Q+ $18) 1-0

[Event "Hoogovens"]
[Site "Wijk aan Zee"]
[Date "1998.01.20"]
[Round "4"]
[White "Kramnik, Vladimir"]
[Black "Gelfand, Boris"]
[Result "1-0"]
[WhiteElo "2790"]
[BlackElo "2675"]
[Annotator "Huebner,R"]
[PlyCount "79"]
[EventDate "1998.01.16"]
[EventType "tourn"]
[EventRounds "13"]
[EventCountry "NED"]
[EventCategory "17"]
[SourceTitle "CBM 063"]
[Source "ChessBase"]
[SourceDate "1998.03.26"]
[SourceVersion "1"]
[SourceVersionDate "1998.03.26"]
[SourceQuality "1"]

1. Nf3 d5 2. d4 Bf5 3. c4 e6 4. Nc3 c6 5. Qb3 Qb6 6. c5 Qc7 7. Bf4 Qc8 8. Nh4
Bg6 9. Nxg6 hxg6 10. e4 Nf6 11. exd5 (11. Bd3 dxe4 12. Nxe4 Nxe4 13. Bxe4 Be7
14. O-O-O Nd7 15. Kb1 Nf6 16. Bf3 Nd5 17. Be5 Bf6 18. Bd6 Be7 19. Be5 Bf6 20.
Bd6 Be7 21. Bxd5 cxd5 22. Bxe7 Kxe7 23. Qe3 Qd7 24. Rc1 f6 25. f4 {1/2-1/2
Kramnik,V-Short,N/Dos Hermanas 1997}) 11... Nxd5 (11... exd5 12. O-O-O {
sieht nicht befriedigend für Schwarz aus.}) 12. Nxd5 cxd5 13. Bb5+ {Dies ist
ein neuer Versuch.} (13. Bxb8 Qxb8 14. Bb5+ Kd8 15. g3 {wurde in früheren
Partien gespielt:} Be7 (15... Qc7 16. O-O b6 17. Rfe1 Be7 18. Re5 Rh5 19. Qf3
Bf6 20. Qxd5+ {1-0 Robatsch,K-Hertneck,G/AUT-chT9495 1995}) 16. O-O Bf6 17.
Rad1 Qc7 18. Rfe1 b6 {mußte versucht werden:} (18... a6 $2 {, was in der unten
zitierten Partie gespielt wurde, ist fehlerhaft; die schwarzen Felder am
Damenflügel werden geschwächt, und Schwarz kann keine wirksame Blockade mehr
aufbauen.} 19. Bf1 Qc6 20. Qc2 b5 21. b4 Ke7 22. Rd2 Rhb8 (22... a5 23. a4 $18)
23. Ra1 g5 24. a4 Kd7 25. Qd1 Bd8 26. Rda2 $18 bxa4 27. Rxa4 a5 28. bxa5 (28.
b5 Rxb5 {gestattet dem Schwarzen längere Gegenwehr, obwohl seine Stellung nach}
29. Bxb5 Qxb5 30. Rb1 {ebenfalls unhaltbar sein dürfte.}) 28... Rb2 29. a6 Bf6
30. R1a2 Rbb8 31. a7 Rc8 32. Ra6 Qb7 33. Rb6 Qc7 34. Qb3 Bxd4 35. Rb7 Bxc5 36.
Qb5+ Kd6 37. Ra6+ Ke5 38. Rxc7 Rxc7 {1-0 Van Wely,L-Salov,V/Donner mem 1995})
19. c6 (19. Qa4 bxc5 20. dxc5 Qxc5 21. b4 Qd6 (21... Qb6 22. Bc6 Rc8 23. Bxd5
Ke7 24. Bxe6 $18) 22. Bc6 Rc8 23. b5 Rc7 $13) (19. Qa3 bxc5 20. dxc5 Rb8 $13)
19... a6 20. Qa3 Be7 21. Qa4 Qa7 $13 {Es scheint, daß sowohl Kramnik wie
Gelfand die Stellung des Schwarzen in Abspielen dieser Art als befriedigend
eingeschätzt haben.}) 13... Nc6 14. O-O-O {Der Plan des Weißen ist hier völlig
anderer Art als nach 13.Lb8:; er will mit h2-h4-h5 die Initiative am
Königsflügel ergreifen. Die Hauptschwierigkeit für Schwarz liegt darin, daß er
nach keiner Seite rochieren kann, so daß er nicht zur Verbindung der Türme
kommt. Seine Stellung ist unbequem; es ist schwierig für ihn, einen sinnvollen
Aufbau zu finden.} Be7 15. h4 Kf8 16. Kb1 a6 {Nachdem Weiß lang rochiert hat,
eignet dem Zug nicht dieselben fatalen Konsequenzen wie in der oben
angeführten Partie van Wely-Salov. Jedoch führt die von Schwarz mit diesem
Zuge eingeleitete Offensive nur zu einer für Weiß günstigen Öffnung der
Stellung.} (16... Kg8) ({oder} 16... Qd8 {scheint mir solider zu sein.}) 17.
Ba4 (17. Be2 {kam in Betracht.}) 17... Na5 18. Qf3 b6 $6 (18... Kg8 {war
besser.}) 19. cxb6 Qb7 20. Rc1 $2 (20. h5 g5 21. h6 {wird in der "Schachwoche"
4/1998, S.6, vorgeschlagen. Dieser Angriffsversuch ist in der Tat sehr
gefährlich. Die meisten der folgenden Varianten stammen aus der oben genannten
Quelle.} Qxb6 {, was in der "Schachwoche" nicht angegeben wird, dürfte die
zähesten Verteidigungsmöglichkeiten gewähren. Nach} (21... gxf4 22. hxg7+ Kxg7
23. Qg4+ Kf6 24. Qxf4+ Kg6 (24... Kg7 25. Qg3+ Kf6 26. Qe5+ Kg6 27. Rxh8 {
und Weiß gewinnt.}) 25. Qg3+ Bg5 26. f4 Qe7 27. fxg5 {mit entscheidendem
Angriff für Weiß.}) (21... g6 22. Bc7 Rh7 (22... Nc4 23. Bc2 Kg8 24. h7+ Kg7
25. Qh3 {führt sofort zum Verlust}) 23. Bd7 Kg8 24. Rc1 {und Schwarz kann sich
nicht mehr rühren:} Nc4 {scheitert an} 25. Rxc4 g4 26. Bc6) (21... Rxh6 22.
Rxh6 gxh6 23. Qh3 Bf6 (23... Kg7 24. Be5+ f6 25. Bc7 f5 26. Re1 (26. Rh1 Rh8
27. Bd7 Nc6 28. Qc3 {ist ebenfalls gut genug.}) 26... Qc8 27. Rh1 {mit raschem
Sieg.}) 24. Qxh6+ Bg7 25. Bd6+ (25. Qxg5 Qxb6 {ist weniger klar.}) 25... Kg8
26. Qxg5 Nc4 27. Be7 Qxb6 28. Bb3 Nd6 29. Bf6 Ne8 30. Bxg7 Nxg7 31. Qg4 {
mit entscheidendem Vorteil für Weiß.}) 22. Be5 f6 23. Rh5 Nc4 24. Bb3 Nxe5 25.
dxe5 Rd8 (25... Qc7 {wird mit} 26. Rxd5 {beantwortet}) 26. Rdh1 Qd4 {bleibt
die Stellung des Schwarzen unbequem, jedoch ist sie nicht hoffnungslos. Nach
dem Textzug bekommt Schwarz Gegenspiel.}) 20... Qxb6 21. Rc7 Rb8 $2 {Schwarz
sollte alles daran setzen, seinen Springer nach c4 zu überführen. Zwei
Versuche standen ihm zur Verfügung:} (21... Rd8 {wird in der "Schachwoche" 4/
1998, S.6, vorgeschlagen. Nach} 22. Qc3 ({Mit} 22. Rxe7 Kxe7 23. Qa3+ Rd6 {
kann Weiß keinen Vorteil erzielen.}) 22... Nc4 23. Rc6 Qb7 {ist die Lage nicht
klar.}) (21... Qb4 {ist viel schärfer. Nach} 22. Rhc1 Rd8 23. Rxe7 (23. Bg5 f6
{führt zu nichts.}) 23... Qxe7 24. Rc7 Qf6 25. Qa3+ Kg8 26. Bg5 Qf5+ 27. Bc2
Qxf2 {entsteht eine höchst verwickelte Stellung:} 28. Qxa5 (28. Bxd8 Qe1+ 29.
Bd1 Nb7 {mit Rückgewinn der Figur.}) (28. Bxg6 Nc4 {ist ungünstig für Weiß.})
28... Qg1+ $13 29. Bc1 Rf8 {gefolgt von 30...Th4:, und Schwarz hat eine höchst
gefährliche Initiative.}) (21... Qxd4 $2 {scheitert natürlich an} 22. Bd6 $18)
22. Qc3 Nc4 {Andere Züge sind nicht besser:} (22... Bf6 23. Rc5 (23. Rc8+ Rxc8
24. Qxc8+ Qd8 (24... Bd8 25. Qd7 Kg8 26. h5 Nc4 27. Bb3 {überlebt Schwarz
nicht.}) 25. Qxa6 Bxd4 {ist nicht überzeugend:} 26. Bc7 Qxc7 27. Qa8+ Ke7 28.
Qxh8 Nc4 {mit kräftigem Gegenspiel für Schwarz.}) 23... Qxb2+ 24. Qxb2 Rxb2+
25. Kxb2 Bxd4+ 26. Rc3 $18 {führt dagegen leicht zum Gewinn.}) (22... Bd8 23.
Rd7 Ra8 24. Rd6 Qb7 (24... Qc7 25. Rxe6) 25. Rxd8+ {usw.}) 23. Rc6 Qxb2+ ({Nach
} 23... Rxh4 24. Rxh4 Qxb2+ 25. Qxb2 Rxb2+ 26. Ka1 Bxh4 27. Rxc4 Rxf2 (27...
Rxa2+ 28. Kxa2 dxc4 29. g3 {ist hoffnungslos für Schwarz.}) 28. Rc8+ Ke7 29. g3
{befindet sich der König des Schwarzen in einer Art Mattnetz.}) 24. Qxb2 Rxb2+
25. Ka1 Kg8 26. Rxc4 $18 Rxf2 27. Rc8+ Kh7 28. Rxh8+ Kxh8 29. g3 Ba3 30. Rd1
Kg8 31. Rd3 Be7 32. Bc7 g5 33. hxg5 Bxg5 34. Kb1 Be7 35. Bc2 g5 36. a4 f5 37.
a5 Bf6 38. Bb6 f4 39. gxf4 gxf4 40. Rd1 1-0